| 000 | 01117nam a2200301Ia 4500 | ||
|---|---|---|---|
| 000 | nam a22 i 4500 | ||
| 001 | UNACH-11483 | ||
| 007 | ta | ||
| 008 | 221212s ||||fr|||| 00| | spa d | ||
| 020 | _a978-994-203-381-9 | ||
| 041 | 0 | _aspa | |
| 082 | 0 | 4 |
_a658.83 _bInvestigación y analisis de mercados |
| 100 | 1 |
_aLara D, Byron, _eautor |
|
| 245 | 1 | 0 | _aCómo elaborar proyectos de inversión paso a paso. |
| 264 | 3 | 1 |
_a[Quito] : _aEcuador : _bOseas Espín, _c[Fecha de publicación no identificada] |
| 300 |
_a280 páginas : _bgráficos, tablas |
||
| 336 |
_atexto _btxt _2rdacontent |
||
| 337 |
_ano mediado _bn _2rdamedia |
||
| 338 |
_avolumen _bnc _2rdacarrier |
||
| 504 | _aIncluye: índice del proceso a seguir, bibliografía. | ||
| 505 | 0 | _aRealice una lluvia de ideas.-- Estructure la matriz.-- Haga el perfil.-- Realice el estudio de mercado.-- Realice el estudio técnico.-- Realice el estudio económico-financiero.-- Realice la evaluación. | |
| 650 | 1 | 4 | _aMERCADO |
| 650 | 2 | 4 | _aESTUDIO ECONOMICO |
| 650 | 2 | 4 | _aESTUDIO FINANCIERO |
| 650 | 2 | 4 | _aEVALUACIÓN |
| 942 |
_2ddc _c1 _n0 |
||
| 999 |
_c8936 _d8936 |
||